Statistics for Religion by Letter - B

Click here to take the quiz!

General Stats

  • This quiz has been taken 236 times
    (173 since last reset)
  • The average score is 15 of 20

Answer Stats

HintAnswer% Correct
Sacred book of ChristianityBible
98%
Fourth-biggest world religionBuddhism
98%
City of Jesus's birthBethlehem
94%
Founder of the aboveBuddha
94%
Biblical city ruled by NebuchadnezzarBabylon
84%
Practice known as "christening"Baptism
84%
Coming of age ceremony of JudaismBar Mitzvah
80%
Country with the most CatholicsBrazil
80%
Cloth worn by Muslim women to
cover their body and face
Burqa
78%
Pope who resigned in 2013Benedict XVI
72%
God turned water into
this in Egypt
Blood
71%
Universalist religion founded
by Bahá'u'lláh
{Bahá'í} Faith
67%
Hindu-majority Indonesian islandBali
66%
"Creator" god of HinduismBrahma
66%
Capital of the "Islamic Golden Age"Baghdad
59%
Roman version of DionysusBacchus
57%
Tree under which the above
attained enlightenment
{Bodhi} Tree
54%
Priest caste in Hindu societyBrahmin
54%
Last-born of Jacob's thirteen childrenBenjamin
53%
Papal decreeBull
48%

Score Distribution

Percentile by Number Answered

Percent of People with Each Score

Your Score History

You have not taken this quiz since the last reset